[Event "Denker Memorial 26th"]
[Site "Chess.com INT"]
[Date "2020.07.26"]
[Round "4"]
[White "Yellamraju, Ambica"]
[Black "Watson, Thomas"]
[Result "1/2-1/2"]
[WhiteElo "1766"]
[BlackElo "1848"]
[PlyCount "100"]
[EventDate "2020.07.25"]
[EventType "swiss"]
[EventRounds "6"]
[EventCountry "USA"]
[SourceTitle "EXT 2021"]
[Source "ChessBase"]
[SourceDate "2020.10.23"]
[SourceVersion "1"]
[SourceVersionDate "2020.10.23"]
[SourceQuality "1"]

1. d4 Nf6 2. c4 e6 3. g3 d5 4. Nf3 Be7 5. Bg2 0-0 6. 0-0 b6 7. cxd5 exd5 8. Nc3 Bb7 9. Bf4 c5 10. Ne5 cxd4 11. Qxd4 Nc6 12. Nxc6 Bxc6 13. Rad1 Bc5 14. Qd3 Qe7 15. a3 a5 16. Bg5 Rad8 17. Qc2 Qe6 18. Bxf6 gxf6 19. e3 d4 20. exd4 Bxg2 21. Kxg2 Bxd4 22. Ne2 Bc5 23. Nf4 Qc6+ 24. Kg1 Qf3 25. Rd3 Rxd3 26. Nxd3 Qe4 27. Re1 Qf5 28. Qe2 Rd8 29. Nxc5 Qxc5 30. Qf3 Qd4 31. Re2 Qd1+ 32. Kg2 Qd5 33. Re8+ Kg7 34. Rxd8 Qxd8 35. Qg4+ Kf8 36. Qe4 Kg7 37. h4 Qd2 38. b4 axb4 39. axb4 Qd6 40. b5 h6 41. Qg4+ Kh7 42. Qf5+ Kg7 43. Qe4 Qe5 44. Qg4+ Kh7 45. Qc4 Kg7 46. Qc6 Qd4 47. Kg1 Qd1+ 48. Kg2 Qd4 49. Qb7 Qc5 50. Qc6 Qd4 1/2-1/2

[Event "Denker Memorial 26th"]
[Site "Chess.com INT"]
[Date "2020.07.25"]
[Round "1"]
[White "Watson, Thomas"]
[Black "Hamley, Ryan"]
[Result "0-1"]
[WhiteElo "1848"]
[BlackElo "2089"]
[PlyCount "90"]
[EventDate "2020.07.25"]
[EventType "swiss"]
[EventRounds "6"]
[EventCountry "USA"]
[SourceTitle "EXT 2021"]
[Source "ChessBase"]
[SourceDate "2020.10.23"]
[SourceVersion "1"]
[SourceVersionDate "2020.10.23"]
[SourceQuality "1"]

1. d4 d5 2. c4 c6 3. Nc3 Nf6 4. Nf3 e6 5. Bg5 Nbd7 6. e3 Qa5 7. Nd2 Bb4 8. Qc2 dxc4 9. Bxf6 Nxf6 10. Nxc4 Qc7 11. Bd3 c5 12. 0-0 Bd7 13. Ne5 cxd4 14. exd4 0-0 15. Rac1 Rac8 16. Qb3 Bd6 17. Rfe1 Rfd8 18. h3 Be8 19. Ne2 Qe7 20. Nc3 Bb4 21. a3 Ba5 22. Nc4 Bc7 23. Rcd1 Bc6 24. Ne5 Bb6 25. Nxc6 bxc6 26. Qc4 Kh8 27. Bb1 Qd7 28. Ne4 Nd5 29. Nc5 Qe7 30. Qc2 g6 31. b4 Qf6 32. Re5 Bc7 33. Ree1 Nf4 34. Qe4 Qg5 35. Qf3 Bb8 36. Re4 Kg8 37. Ba2 Nd5 38. Rg4 Qe7 39. Ne4 f5 40. Ng5 fxg4 41. Qxg4 Re8 42. Re1 Qf6 43. Qh4 Rc7 44. Kf1 Rce7 45. Qg3 Bxg3 0-1